000
00331nam a2200133Ia 4500
008
220204s9999 xx 000 0 und d
082
_a
674(540)
_b
PEA
100
_a
Brown, H P
245
0
_a
Commercial timbers of India. 2 V
260
_a
Delhi
_b
A J Reprints
_c
1981
505
_a
set price
700
_a
Pearson, R S
942
_c
BK
999
_c
39080
_d
39080